Central Library OPAC University of Rajshahi

Contemporary Ethiopia / (Record no. 27381)

MARC details
000 -LEADER
fixed length control field 00807cam a22002651 4500
001 - CONTROL NUMBER
control field 27381
003 - CONTROL NUMBER IDENTIFIER
rucl marc code BD-RjUL
005 - DATE AND TIME OF LATEST TRANSACTION
control field 20211209051140.0
008 - FIXED-LENGTH DATA ELEMENTS--GENERAL INFORMATION
fixed length control field 140325s1952 nyu b 001 0 eng
035 ## - SYSTEM CONTROL NUMBER
System control number (BD-RjUL)27454
System control number (OCoLC)2531465
040 ## - CATALOGING SOURCE
Original cataloging agency DLC
Transcribing agency O
Modifying agency NN
-- DLC
Language of cataloging eng
041 ## - LANGUAGE CODE
Language code of text/sound track or separate title eng
082 ## - DEWEY DECIMAL CLASSIFICATION NUMBER
Classification number 916.3
Author mark and year TAC 1952
100 1# - MAIN ENTRY--PERSONAL NAME
Personal name Talbot, David Abner.
9 (RLIN) 84122
245 10 - TITLE STATEMENT
Title Contemporary Ethiopia /
Statement of responsibility, etc. David Abner Talbot
260 ## - PUBLICATION, DISTRIBUTION, ETC. (IMPRINT)
Place of publication, distribution, etc. New York :
Name of publisher, distributor, etc. Philosophical Library,
Date of publication, distribution, etc. 1952
300 ## - PHYSICAL DESCRIPTION
Pagination x, 267 p. ;
Size 23 cm.
504 ## - BIBLIOGRAPHY, ETC. NOTE
Bibliography, etc Includes bibliographical references (p. 261-262) and index.
651 #0 - SUBJECT ADDED ENTRY--GEOGRAPHIC NAME
Geographic name Ethiopia.
9 (RLIN) 84123
710 2# - ADDED ENTRY--CORPORATE NAME
Corporate name or jurisdiction name as entry element Thomas Leiper Kane Collection (Library of Congress. Hebraic Section)
Institution to which field applies DLC
9 (RLIN) 68593
942 ## - ADDED ENTRY ELEMENTS (KOHA)
Source of classification or shelving scheme Dewey Decimal Classification
Koha item type Books
Holdings
Lost status Source of classification or shelving scheme Damaged status Not for loan Collection code Permanent Location Current Location Shelving location Date acquired Source of acquisition Cost, normal purchase price Total Checkouts Full call number Date last seen Copy number Koha item type
  Dewey Decimal Classification   Added to bundle Non-fiction Central Library, University of Rajshahi Central Library, University of Rajshahi Reading Room 15/11/1966 A.H. QURASHI 21.60   916.3 TAC 1952 25/03/2014 C-1 Books